Rulfo en llamas : un análisis comunicacional de El llano en llamas y Pedro Páramo /

En este volumen, el escritor boliviano Raúl Rivadeneira realiza un análisis de la narrativa de Rulfo auxiliado por la teoría general de sistemas y de la comunicación.

Zapisane w:
Opis bibliograficzny
1. autor: Rivadeneira Prada, Raúl (autor)
Format: Książka
Język:hiszpański
Wydane: La Paz, Bolivia : Difusión, 1980, c1980
Hasła przedmiotowe:
Etykiety: Dodaj etykietę
Nie ma etykietki, Dołącz pierwszą etykiete!

MARC

LEADER 00000nam^a2200000^a^4500
001 000149703
005 20250521000000.0
009 20260310100111.641
037 |a Acervo ITESO - Biblioteca 
041 |a ESP 
082 |a 860. 972063  |b RIV 
100 |a Rivadeneira Prada, Raúl  |e (autor) 
245 1 0 |a Rulfo en llamas :  |b un análisis comunicacional de El llano en llamas y Pedro Páramo /  |c R. Rivadeneira Prada ; presen. de Jesús Urzagasti. 
264 4 |a La Paz, Bolivia :  |b Difusión,  |c 1980, c1980 
300 |a 136 p. 
336 |a texto  |b txt  |2 rdacontenido 
337 |a sin mediación  |b n  |2 rdamedio 
338 |a volumen  |b nc  |2 rdasoporte 
520 |a En este volumen, el escritor boliviano Raúl Rivadeneira realiza un análisis de la narrativa de Rulfo auxiliado por la teoría general de sistemas y de la comunicación. 
649 |a XX 
650 |a Escritores Jaliscienses 
650 |a Escritores Mexicanos 
650 |a Novela Jalisciense -  |x Historia y Crítica 
650 |a Novela Mexicana -  |x Historia y Crítica 
650 |a Cuentos Jaliscienses -  |x Historia y Crítica 
650 |a Cuentos Mexicanos -  |x Historia y Crítica 
650 |a Literatura Jalisciense -  |y Siglo XX 
650 |a Literatura Mexicana -  |y Siglo XX 
650 |a Literatura Jalisciense -  |x Historia y Crítica 
650 |a Literatura Mexicana -  |x Historia y Crítica 
650 |a Análisis de Contenido 
650 |a Teoría de Sistemas 
650 |a Comunicación 
650 |a Rulfo, Juan 
910 |a Fondo General 
920 |a Impresos - Libros 
930 |a Colección General 
940 |a Literatura 
905 |a 101 
901 |a 0500079545  |b IT1  |c LIT  |u 20250521 
902 |a https://opac.biblio.iteso.mx/vufind/Record/000149703